| 000 | 005530000a22001810004500 | ||
|---|---|---|---|
| 003 | MACL | ||
| 005 | 20160504145852.0 | ||
| 008 | 160504b xxu||||| |||| 00| 0 eng d | ||
| 040 |
_aMACL _cMACL |
||
| 041 | _aHindi | ||
| 082 | _a800 | ||
| 100 |
_aटंडन, बिशन _918706 |
||
| 245 |
_aव्यास सम्मान _b1991-1999 _cबिशन टंडन |
||
| 260 |
_bस्वर्ण जयंती _c2001 _aनई दिल्ली |
||
| 350 | _a495 | ||
| 650 |
_aLiterature _955162 |
||
| 942 |
_cHIN _k800/BID/L _2ddc |
||
| 999 |
_c12653 _d12653 |
||